Tvorba a význam rozpočtov v neziskových organizáciách
Tvorba rozpočtu v neziskových organizáciách a jej špecifiká. Základné nástroje riadenia finančných zdrojov subjektov, ktoré získavajú prostriedky z verejných zdrojov - štátneho rozpočtu, miestnych rozpočtov.
Saved in:
| Main Author: | |
|---|---|
| Format: | Book Chapter |
| Language: | Slovak |
| Subjects: | |
| Tags: |
No Tags, Be the first to tag this record!
|
MARC
| LEADER | 00000naa$a2200000$$$4500 | ||
|---|---|---|---|
| 001 | 0167818 | ||
| 005 | 20240522124035.7 | ||
| 041 | 0 | |a slo | |
| 044 | |a SK | ||
| 245 | 1 | 0 | |a Tvorba a význam rozpočtov v neziskových organizáciách |c Helena Majdúchová |
| 520 | |a Tvorba rozpočtu v neziskových organizáciách a jej špecifiká. Základné nástroje riadenia finančných zdrojov subjektov, ktoré získavajú prostriedky z verejných zdrojov - štátneho rozpočtu, miestnych rozpočtov. | ||
| 610 | 2 | 0 | |a organizácie neziskové |
| 610 | 2 | 0 | |a združenia |
| 610 | 2 | 0 | |a formy organizácií |
| 610 | 2 | 0 | |a zdroje finančné |
| 610 | 2 | 0 | |a financie verejné |
| 610 | 2 | 0 | |a výdavky rozpočtu štátneho |
| 100 | 1 | |a Majdúchová, Helena, 1963- | |